Greek Mythology A-Z - Statistics

General Stats
  • This quiz has been taken 99 times
    94 since last reset
  • The average score is 14 of 23
Answer Stats
Hint Answer % Correct
God of the sun, music, and poetry Apollo
94%
Underworld guard dog Cerberus
93%
King of the Olympians Zeus
93%
Leader of the Argonauts Jason
87%
River that forms the boundary of the living world and the Underworld Styx
87%
Sacred oracle Delphi
86%
Medusa was one of these Gorgon
86%
Titan of time Kronos
82%
He slew Medusa Perseus
82%
Primordial sky god Uranus
75%
Female nature spirit Nymph
73%
Killed the Minotaur Theseus
70%
Rainbow deity Iris
68%
God of sleep - also a Pokémon Hypnos
67%
Good at music, not so good at bringing people back from the Underworld Orpheus
63%
Titan of fertility and motherhood Rhea
63%
Hephaestus if he was Roman Vulcan
63%
Alternative name for the Erinyes Furies
38%
Hero who slew the Chimera Bellerophon
35%
Mate of Typhon; namesake of an Australian monotreme Echidna
26%
Guardian of the Golden Apples Ladon
8%
The three fates Moirai
6%
Father of Leucippis Xanthius
1%
No matching quizzes found
Score Distribution
Percent of People with Each Score
Percentile by Number Answered
Your Score History
You have not taken this quiz since the last reset